000
00281nam a2200133Ia 4500
100
_a
Drucker/P.F
942
_c
BK
654
_a
Management
245
_a
Practice of management
260
_b
Allied Publishers
_a
Bombay
_c
1975
082
_a
658
300
_a
404
546
_a
ENGLISH
999
_c
32151
_d
32151